Tilastot visalle Suomen nykyinen eduskunta

Klikkaa tästä pelataksesi tätä visaa!

Yleistilastot

  • Tätä visaa on pelattu 102 kertaa
  • Keskiarvotulos 48 / 202

Vastaustilastot

PuolueKansanedustaja% Oikein
SDPSanna Marin
86%
PSJussi Halla-aho
75%
Kok.Petteri Orpo
73%
Vas.Li Andersson
71%
RKPAnna-Maja Henriksson
69%
SDPAntti Rinne
66%
KDPäivi Räsänen
66%
Vihr.Maria Ohisalo
64%
Liik.Harry Harkimo
58%
Kesk.Annika Saarikko
56%
Kesk.Katri Kulmuni
56%
Vihr.Pekka Haavisto
56%
SDPKrista Kiuru
54%
Kesk.Matti Vanhanen
54%
Kok.Pauli Kiuru
53%
KDSari Essayah
53%
Kok.Antti Häkkänen
49%
Kesk.Antti Kaikkonen
47%
Vas.Paavo Arhinmäki
47%
PSSebastian Tynkkynen
47%
SDPErkki Tuomioja
42%
Kesk.Juha Sipilä
42%
PSRiikka Purra
42%
Vihr.Iiris Suomela
39%
Kok.Kai Mykkänen
39%
PSLaura Huhtasaari
39%
SDPTimo Harakka
39%
Vas.Aino-Kaisa Pekonen
37%
PSAno Turtiainen
37%
Vihr.Sofia Virta
37%
PSTeuvo Hakkarainen
37%
Vihr.Tiina Elo
37%
Kesk.Antti Kurvinen
36%
Vihr.Emma Kari
36%
SDPMika Kari
36%
Kok.Wille Rydman
36%
Vas.Jussi Saramo
34%
Kesk.Markus Lohi
34%
PSVeijo Niemi
34%
PSVille Tavio
34%
Kok.Ben Zyskowicz
32%
PSRitva Elomaa
32%
Kok.Elina Lepomäki
31%
Vihr.Krista Mikkonen
31%
Kok.Paula Risikko
31%
Kesk.Jari Leppä
29%
PSJukka Mäkynen
29%
Kok.Sanni Grahn-Laasonen
29%
Kok.Sinuhe Wallinheimo
29%
Vihr.Atte Harjanne
27%
SDPEveliina Heinäluoma
27%
Kok.Ilkka Kanerva
27%
PSJani Mäkelä
27%
Vihr.Pirkka-Pekka Petelius
27%
PSSheikki Laakso
27%
SDPTuula Haatainen
27%
RKPEva Biaudet
25%
SDPHussain al-Taee
25%
Kok.Jaana Pelkonen
25%
PSMari Rantanen
25%
Kesk.Mika Lintilä
25%
SDPPiritta Rantanen
25%
RKPVeronica Rehn-Kivi
25%
RKPAnders Adlercreutz
24%
Vas.Anna Kontula
24%
SDPAntti Lindtman
24%
Kok.Heikki Autto
24%
Kok.Juhana Vartiainen
24%
Kesk.Mikko Kärnä
24%
Kok.Sari Multala
24%
SDPSirpa Paatero
24%
SDPTytti Tuppurainen
24%
SDPVille Skinnari
24%
SDPAki Linden
22%
Vihr.Bella Forsgren
22%
Kesk.Eeva Kalli
22%
SDPIlmari Nurminen
22%
SDPJukka Gustafsson
22%
PSLeena Meri
22%
KDPeter Östman
22%
SDPRiitta Mäkinen
22%
Kok.Saara-Sofia Siren
22%
KDSari Tanus
22%
RKPThomas Blomqvist
22%
Kesk.Anu Vehviläinen
20%
Kesk.Hanna Kosonen
20%
Kok.Heikki Vestman
20%
SDPJohanna Ojala-Niemelä
20%
SDPJohannes Koskinen
20%
PSJuho Eerola
20%
Vas.Markus Mustajärvi
20%
Vas.Merja Kyllönen
20%
SDPNiina Malm
20%
PSOlli Immonen
20%
Vihr.Saara Hyrkkö
20%
PSSakari Puisto
20%
Kok.Anna-Kaisa Ikonen
19%
PSAri Koponen
19%
Kok.Arto Satonen
19%
Vihr.Hanna Holopainen
19%
PSJuha Mäenpää
19%
SDPKim Berg
19%
Vihr.Mari Holopainen
19%
Vihr.Noora Koponen
19%
Vihr.Outi Alanko-Kahiluoto
19%
Kesk.Petri Honkonen
19%
Kok.Sari Sarkomaa
19%
Kok.Sofia Vikman
19%
SDPTarja Filatov
19%
Kok.Timo Heinonen
19%
PSToimi Kankaanniemi
19%
Kok.Anne-Mari Virolainen
17%
KDAntero Laukkanen
17%
Vas.Hanna Sarkkinen
17%
Vihr.Heli Järvinen
17%
Vihr.Inka Hopsu
17%
Kesk.Jouni Ovaska
17%
Kok.Kalle Jokinen
17%
SDPKristiina Salonen
17%
PSMika Niikko
17%
Kesk.Mikko Kinnunen
17%
RKPMikko Ollikainen
17%
Kesk.Mikko Savola
17%
Kesk.Pekka Aittakumpu
17%
Vas.Veronika Honkasalo
17%
SDPEeva-Johanna Eloranta
15%
Kesk.Hannakaisa Heikkinen
15%
Kok.Janne Heikkinen
15%
RKPJoakim Strand
15%
Kesk.Joonas Könttä
15%
SDPJutta Urpilainen
15%
Vas.Katja Hänninen
15%
Vas.Mai Kivelä
15%
SDPMaria Guzenina
15%
Kok.Markku Eestilä
15%
SDPMarko Asell
15%
Kok.Matias Marttinen
15%
PSMauri Peltokangas
15%
Vihr.Mirka Soinikoski
15%
Kok.Pia Kauma
15%
PSSanna Antikainen
15%
PSVille Vähämäki
15%
SDPAnneli Kiljunen
14%
PSArja Juvonen
14%
PSJari Koskela
14%
Vas.Johannes Yrttiaho
14%
PSKaisa Juuso
14%
SDPKimmo Kiljunen
14%
Kok.Marko Kilpi
14%
Vas.Matti Semi
14%
PSPetri Huru
14%
Vas.Pia Lohikoski
14%
PSRami Lehto
14%
RKPSandra Bergqvist
14%
Vihr.Satu Hassi
14%
Kok.Terhi Koulumies
14%
PSTom Packalen
14%
SDPTuula Väätäinen
14%
Kesk.Anne Kalmari
12%
SDPHeidi Viljanen
12%
Kesk.Hilkka Kemppi
12%
Kok.Janne Sankelo
12%
Vas.Jari Myllykoski
12%
PSJenna Simula
12%
Vihr.Jenni Pitko
12%
PSJouni Kotiaho
12%
Kesk.Juha Pylväs
12%
Kok.Jukka Kopra
12%
PSLulu Ranne
12%
Kok.Mia Laiho
12%
PSMinna Reijonen
12%
PSRiikka Slunga-Poutsalo
12%
PSSami Savio
12%
PSVeikko Vallin
12%
PSVilhelm Junnila
12%
Kesk.Antti Rantakangas
10%
Kesk.Esko Kiviranta
10%
Kesk.Hanna Huttunen
10%
Kesk.Hanna-Leena Mattila
10%
Kesk.Hannu Hoskonen
10%
PSJari Ronkainen
10%
PSJussi Wihonen
10%
Kok.Kari Tolvanen
10%
SDPKatja Taimela
10%
Kok.Mari-Leena Talvitie
10%
RKPMats Löfström
10%
Kesk.Pasi Kivisaari
10%
Kok.Pihla Keto-Huovinen
10%
SDPRaimo Piirainen
10%
Kok.Ruut Sjöblom
10%
SDPSuna Kymäläinen
10%
Kesk.Ari Torniainen
8%
Kesk.Arto Pirttilahti
8%
Vas.Juho Kautto
8%
SDPMerja Mäkisalo-Ropponen
8%
PSMikko Lunden
8%
SDPPaula Werning
8%
SDPPia Viitanen
8%
SDPSeppo Eskelinen
8%
Kok.Ville Kaunisto
8%
RKPAnders Norrback
7%
SDPJohan Kvarnström
7%

Tulosjakauma

Persentiili vastausten määrän mukaan

Jokaisen tuloksen saaneiden osuus

Tuloshistoriasi

Et ole pelannut tätä visaa